[Event "DVM U20 2021"]
[Site "Kiel GER"]
[Date "2022.07.24"]
[Round "3"]
[White "Klugstedt, Vincent"]
[Black "Gallasch, Robin"]
[Result "1-0"]
[Termination "normal"]
[Board "1.6"]
[WhiteElo "1877"]
[BlackElo "2050"]
[WhiteTeam "Schachgesellschaft Bochum 1931"]
[BlackTeam "Schachgemeinschaft Porz e. V."]
[PlyCount "73"]
[WhiteFideId "16216393"]
[BlackFideId "16222423"]
[EventCountry "GER"]
[EventRounds "7"]
[EventType "team-swiss"]
[EventDate "2022.07.22"]

1. d4 d5 2. c4 dxc4 3. e4 Nf6 4. Nc3 e5 5. d5 b5 6. Bg5 Bc5 7. Nf3 O-O 8. Bxf6
Qxf6 9. Qc2 c6 10. Be2 Bg4 11. O-O Bxf3 12. Bxf3 Na6 13. a4 Nb4 14. Qd2 a6 15.
Be2 Rfc8 16. Na2 Nxa2 17. Rxa2 Bd4 18. Bg4 Rd8 19. Qa5 g6 20. axb5 cxb5 21. Kh1
Qb6 22. Qxb6 Bxb6 23. g3 a5 24. f4 Bd4 25. Kg2 a4 26. Kf3 b4 27. Rb1 a3 28. b3
Bb2 29. bxc4 Rdb8 30. c5 b3 31. Raxb2 axb2 32. c6 f5 33. exf5 Rd8 34. fxg6 hxg6
35. fxe5 Kf7 36. d6 Ke8 37. Rxb2 1-0

[Event "DVM U20 2021"]
[Site "Kiel GER"]
[Date "2022.07.24"]
[Round "3"]
[White "Elier, Ali"]
[Black "Eurich, Jannik"]
[Result "1/2-1/2"]
[Termination "normal"]
[Board "2.1"]
[WhiteElo "2144"]
[BlackElo "1957"]
[WhiteClock "01:06:01"]
[BlackClock "00:42:24"]
[WhiteTeam "Schachfreunde Brackel 1930 e. V."]
[BlackTeam "SK Langen"]
[PlyCount "57"]
[WhiteFideId "16217543"]
[BlackFideId "16265459"]
[EventCountry "GER"]
[EventRounds "7"]
[EventType "team-swiss"]
[EventDate "2022.07.22"]

1. e4 {[%clk 01:30:58]} {[%emt 00:00:01]} c5 {[%clk 01:30:56]} {[%emt
00:00:04]} 2. d4 {[%clk 01:31:24]} {[%emt 00:00:04]} cxd4 {[%clk 01:31:22]}
{[%emt 00:00:04]} 3. c3 {[%clk 01:31:52]} {[%emt 00:00:03]} Nf6 {[%clk
01:31:45]} {[%emt 00:00:06]} 4. e5 {[%clk 01:32:19]} {[%emt 00:00:03]} Nd5
{[%clk 01:32:11]} {[%emt 00:00:04]} 5. Nf3 {[%clk 01:32:45]} {[%emt 00:00:04]}
Nc6 {[%clk 01:32:35]} {[%emt 00:00:05]} 6. Bc4 {[%clk 01:33:12]} {[%emt
00:00:04]} Nb6 {[%clk 01:33:01]} {[%emt 00:00:04]} 7. Bb3 {[%clk 01:33:39]}
{[%emt 00:00:03]} d5 {[%clk 01:33:01]} {[%emt 00:00:30]} 8. exd6 {[%clk
01:34:04]} {[%emt 00:00:06]} Qxd6 {[%clk 01:33:25]} {[%emt 00:00:05]} 9. O-O
{[%clk 01:34:28]} {[%emt 00:00:06]} Be6 {[%clk 01:28:44]} {[%emt 00:05:12]} 10.
Bxe6 {[%clk 01:34:51]} {[%emt 00:00:06]} Qxe6 {[%clk 01:29:10]} {[%emt
00:00:04]} 11. Nxd4 {[%clk 01:35:16]} {[%emt 00:00:05]} Nxd4 {[%clk 01:28:34]}
{[%emt 00:01:06]} 12. Qxd4 {[%clk 01:35:41]} {[%emt 00:00:05]} Rd8 {[%clk
01:22:07]} {[%emt 00:06:57]} 13. Qb4 {[%clk 01:31:17]} {[%emt 00:04:54]} g6
{[%clk 01:06:04]} {[%emt 00:16:33]} 14. Be3 {[%clk 01:27:58]} {[%emt 00:03:48]}
Bg7 {[%clk 01:03:42]} {[%emt 00:02:52]} 15. Bxb6 {[%clk 01:28:22]} {[%emt
00:00:06]} Qxb6 {[%clk 01:02:29]} {[%emt 00:01:44]} 16. Qxb6 {[%clk 01:28:46]}
{[%emt 00:00:05]} axb6 {[%clk 01:02:53]} {[%emt 00:00:07]} 17. a4 {[%clk
01:29:12]} {[%emt 00:00:04]} O-O {[%clk 01:02:24]} {[%emt 00:00:58]} 18. Na3
{[%clk 01:27:11]} {[%emt 00:02:32]} Ra8 {[%clk 00:58:48]} {[%emt 00:05:48]} 19.
Nb5 {[%clk 01:17:47]} {[%emt 00:08:19]} Rfd8 {[%clk 00:57:27]} {[%emt
00:01:46]} 20. b3 {[%clk 01:09:42]} {[%emt 00:08:37]} Rd2 {[%clk 00:54:02]}
{[%emt 00:04:00]} 21. Rfe1 {[%emt 00:10:12]} e5 {[%clk 00:47:29]} 22. Kf1
{[%clk 01:06:15]} {[%emt 00:01:21]} Rad8 {[%clk 00:44:06]} {[%emt 00:03:49]}
23. Re2 {[%clk 01:06:10]} {[%emt 00:00:42]} Rd1+ {[%clk 00:40:12]} {[%emt
00:05:01]} 24. Rxd1 {[%clk 01:06:06]} Rxd1+ {[%clk 00:40:41]} 25. Re1 {[%clk
01:06:26]} Rd2 {[%clk 00:41:06]} 26. Re2 {[%clk 01:06:39]} {[%emt 00:00:15]}
Rd1+ {[%clk 00:41:30]} {[%emt 00:00:17]} 27. Re1 {[%clk 01:06:59]} Rd2 {[%clk
00:41:59]} 28. Re2 {[%clk 01:06:16]} {[%emt 00:01:15]} Rd1+ {[%clk 00:42:24]}
{[%emt 00:00:37]} 29. Re1 {[%clk 01:06:01]} {[%emt 00:00:18]} 1/2-1/2

[Event "DVM U20 2021"]
[Site "Kiel GER"]
[Date "2022.07.24"]
[Round "3"]
[White "Renk, Jonas"]
[Black "Garbuz, Vitaliy"]
[Result "0-1"]
[Termination "normal"]
[Board "2.2"]
[WhiteElo "1897"]
[BlackElo "2088"]
[WhiteClock "00:09:31"]
[BlackClock "00:06:16"]
[WhiteTeam "SK Langen"]
[BlackTeam "Schachfreunde Brackel 1930 e. V."]
[PlyCount "70"]
[WhiteFideId "16209460"]
[BlackFideId "12990710"]
[EventCountry "GER"]
[EventRounds "7"]
[EventType "team-swiss"]
[EventDate "2022.07.22"]

1. Nc3 {[%clk 01:30:49]} {[%emt 00:00:11]} c5 {[%clk 01:30:52]} {[%emt
00:00:08]} 2. e4 {[%clk 01:31:12]} {[%emt 00:00:07]} a6 {[%clk 01:31:16]}
{[%emt 00:00:06]} 3. Nf3 {[%clk 01:31:27]} {[%emt 00:00:15]} e6 {[%clk
01:30:05]} {[%emt 00:01:41]} 4. d4 {[%clk 01:30:25]} {[%emt 00:01:31]} cxd4
{[%clk 01:30:28]} {[%emt 00:00:07]} 5. Nxd4 {[%clk 01:30:48]} {[%emt 00:00:07]}
Qc7 {[%clk 01:29:59]} {[%emt 00:00:59]} 6. g3 {[%clk 01:29:35]} {[%emt
00:01:44]} b5 {[%clk 01:20:11]} {[%emt 00:10:17]} 7. a3 {[%clk 01:27:09]}
{[%emt 00:02:56]} Bb7 {[%clk 01:20:24]} {[%emt 00:00:17]} 8. Bg2 {[%clk
01:25:50]} {[%emt 00:01:50]} d6 {[%clk 01:20:04]} {[%emt 00:00:50]} 9. O-O
{[%clk 01:22:56]} {[%emt 00:03:23]} Nd7 {[%clk 01:19:19]} {[%emt 00:01:15]} 10.
Re1 {[%clk 01:19:07]} {[%emt 00:04:20]} Ngf6 {[%clk 01:18:23]} {[%emt
00:01:25]} 11. Nb3 {[%clk 01:10:25]} {[%emt 00:09:13]} Be7 {[%clk 01:18:06]}
{[%emt 00:00:47]} 12. Be3 {[%clk 01:08:58]} {[%emt 00:01:56]} Ne5 {[%clk
01:17:47]} {[%emt 00:09:17]} 13. Nd2 {[%clk 01:01:41]} O-O {[%clk 01:03:22]}
{[%emt 00:14:19]} 14. h3 {[%clk 00:57:47]} {[%emt 00:04:22]} Rfd8 {[%clk
00:58:31]} {[%emt 00:05:33]} 15. Qe2 {[%clk 00:55:02]} {[%emt 00:03:05]} Rac8
{[%clk 00:55:44]} {[%emt 00:03:12]} 16. f4 {[%clk 00:50:13]} {[%emt 00:05:26]}
Ned7 {[%clk 00:56:02]} {[%emt 00:00:08]} 17. Qf2 {[%clk 00:46:12]} {[%emt
00:04:42]} Nc5 {[%clk 00:55:25]} {[%emt 00:01:03]} 18. Rad1 {[%clk 00:42:30]}
{[%emt 00:04:29]} d5 {[%clk 00:46:13]} {[%emt 00:09:15]} 19. exd5 {[%clk
00:33:07]} {[%emt 00:09:59]} Nxd5 {[%clk 00:43:10]} {[%emt 00:03:28]} 20. Nxd5
{[%clk 00:29:31]} {[%emt 00:04:49]} Bxd5 {[%clk 00:43:14]} 21. Bd4 {[%clk
00:24:32]} {[%emt 00:05:16]} Bxg2 {[%clk 00:41:43]} {[%emt 00:02:25]} 22. Kxg2
{[%clk 00:24:43]} Qc6+ {[%clk 00:38:50]} {[%emt 00:03:30]} 23. Kh2 {[%clk
00:23:49]} {[%emt 00:01:08]} Na4 {[%clk 00:37:34]} {[%emt 00:01:45]} 24. Rc1
{[%clk 00:19:46]} {[%emt 00:04:49]} Rxd4 {[%clk 00:32:05]} {[%emt 00:05:56]}
25. Qxd4 {[%clk 00:19:44]} {[%emt 00:01:06]} Bf6 {[%clk 00:32:22]} 26. Qb4
{[%clk 00:15:32]} {[%emt 00:04:23]} Bxb2 {[%clk 00:32:31]} {[%emt 00:00:06]}
27. c4 {[%clk 00:15:10]} {[%emt 00:01:41]} Bxc1 {[%clk 00:32:09]} {[%emt
00:00:24]} 28. Rxc1 {[%clk 00:15:29]} Qb6 {[%clk 00:27:23]} {[%emt 00:05:43]}
29. Rf1 {[%clk 00:11:58]} {[%emt 00:03:32]} Qe3 {[%clk 00:23:16]} {[%emt
00:04:51]} 30. Kg2 {[%clk 00:10:24]} {[%emt 00:02:20]} Nc3 {[%clk 00:16:42]}
{[%emt 00:06:36]} 31. Rf2 {[%clk 00:09:39]} {[%emt 00:01:13]} Nd1 {[%clk
00:08:32]} {[%emt 00:08:36]} 32. Rf1 {[%clk 00:09:01]} {[%emt 00:01:08]} Qe2+
{[%clk 00:06:30]} {[%emt 00:02:41]} 33. Kg1 {[%clk 00:09:16]} {[%emt 00:00:03]}
Ne3 {[%clk 00:06:33]} {[%emt 00:00:38]} 34. Rf2 {[%clk 00:09:11]} {[%emt
00:00:30]} Qe1+ {[%clk 00:06:20]} {[%emt 00:00:55]} 35. Nf1 {[%clk 00:09:31]}
Qxb4 {[%clk 00:06:16]} {[%emt 00:00:29]} 0-1

[Event "DVM U20 2021"]
[Site "Kiel GER"]
[Date "2022.07.24"]
[Round "3"]
[White "Kracht, Raphael"]
[Black "Buchholz, Maja"]
[Result "1-0"]
[Termination "normal"]
[Board "2.3"]
[WhiteElo "2045"]
[BlackElo "1879"]
[WhiteClock "00:16:19"]
[BlackClock "00:21:33"]
[WhiteTeam "Schachfreunde Brackel 1930 e. V."]
[BlackTeam "SK Langen"]
[PlyCount "87"]
[WhiteFideId "16214382"]
[BlackFideId "16200500"]
[EventCountry "GER"]
[EventRounds "7"]
[EventType "team-swiss"]
[EventDate "2022.07.22"]

1. e4 {[%clk 01:30:59]} {[%emt 00:00:01]} e6 {[%clk 01:30:55]} {[%emt
00:00:06]} 2. d4 {[%clk 01:31:26]} {[%emt 00:00:02]} d5 {[%clk 01:31:21]}
{[%emt 00:00:04]} 3. Nd2 {[%clk 01:31:54]} {[%emt 00:00:03]} Be7 {[%clk
01:31:45]} {[%emt 00:00:05]} 4. Bd3 {[%clk 01:29:53]} {[%emt 00:02:30]} Nf6
{[%clk 01:31:46]} {[%emt 00:00:30]} 5. Ngf3 {[%clk 01:24:59]} {[%emt 00:05:24]}
c5 {[%clk 01:31:32]} {[%emt 00:00:45]} 6. dxc5 {[%clk 01:23:42]} {[%emt
00:01:47]} Bxc5 {[%clk 01:31:17]} {[%emt 00:00:45]} 7. Qe2 {[%clk 01:24:04]}
{[%emt 00:00:07]} O-O {[%clk 01:30:10]} {[%emt 00:01:37]} 8. O-O {[%clk
01:20:28]} {[%emt 00:04:06]} Nc6 {[%clk 01:29:25]} {[%emt 00:01:15]} 9. c3
{[%clk 01:20:41]} {[%emt 00:00:17]} Qc7 {[%clk 01:28:50]} {[%emt 00:01:05]} 10.
e5 {[%clk 01:06:31]} {[%emt 00:14:40]} Ng4 {[%emt 00:19:34]} 11. Nb3 {[%clk
00:53:32]} Be7 {[%clk 01:21:26]} {[%emt 00:02:32]} 12. Re1 {[%clk 00:52:32]}
{[%emt 00:02:03]} f6 {[%clk 01:20:22]} {[%emt 00:00:59]} 13. exf6 {[%clk
00:51:43]} {[%emt 00:01:10]} Rxf6 {[%clk 01:05:18]} {[%emt 00:15:34]} 14. h3
{[%clk 00:50:28]} {[%emt 00:02:04]} Rxf3 {[%clk 00:57:55]} {[%emt 00:07:49]}
15. hxg4 {[%clk 00:49:35]} {[%emt 00:01:28]} Rf7 {[%clk 00:56:56]} {[%emt
00:01:35]} 16. g5 {[%clk 00:49:42]} g6 {[%clk 00:54:55]} {[%emt 00:02:42]} 17.
c4 {[%clk 00:45:07]} {[%emt 00:04:58]} Bd7 {[%clk 00:49:45]} {[%emt 00:06:37]}
18. Be3 {[%clk 00:43:27]} {[%emt 00:01:26]} Ne5 {[%clk 00:47:12]} {[%emt
00:02:51]} 19. Rac1 {[%clk 00:40:14]} {[%emt 00:03:41]} Qd8 {[%clk 00:36:08]}
{[%emt 00:11:35]} 20. f4 {[%clk 00:22:52]} {[%emt 00:17:51]} Nxd3 {[%clk
00:28:01]} {[%emt 00:08:42]} 21. Qxd3 {[%clk 00:23:13]} Bc6 {[%clk 00:27:39]}
{[%emt 00:00:56]} 22. c5 {[%clk 00:21:53]} {[%emt 00:01:48]} e5 {[%clk
00:23:01]} {[%emt 00:05:28]} 23. fxe5 {[%clk 00:22:04]} Bxg5 {[%clk 00:22:53]}
{[%emt 00:00:35]} 24. e6 {[%clk 00:18:52]} {[%emt 00:03:41]} Rf5 {[%clk
00:22:02]} {[%emt 00:01:23]} 25. Nd4 {[%clk 00:17:01]} {[%emt 00:02:36]} Re5
{[%clk 00:19:57]} {[%emt 00:02:16]} 26. Bxg5 {[%clk 00:16:02]} {[%emt
00:01:33]} Qxg5 {[%clk 00:19:24]} {[%emt 00:01:14]} 27. Nf3 {[%clk 00:16:16]}
Rxe1+ {[%clk 00:19:26]} {[%emt 00:00:29]} 28. Rxe1 {[%clk 00:16:40]} {[%emt
00:00:12]} Qg3 {[%clk 00:18:57]} {[%emt 00:01:41]} 29. Re3 {[%clk 00:11:30]}
{[%emt 00:04:52]} d4 {[%clk 00:13:26]} {[%emt 00:06:12]} 30. Qxd4 {[%clk
00:11:12]} {[%emt 00:01:34]} Rf8 {[%clk 00:12:47]} {[%emt 00:00:20]} 31. e7
{[%clk 00:08:59]} {[%emt 00:02:46]} Re8 {[%clk 00:12:45]} {[%emt 00:00:22]} 32.
Qc4+ {[%clk 00:08:03]} {[%emt 00:01:52]} Kg7 {[%clk 00:12:24]} {[%emt
00:00:24]} 33. Qe6 {[%clk 00:06:44]} {[%emt 00:02:05]} h6 {[%clk 00:09:44]}
{[%emt 00:03:03]} 34. b4 {[%clk 00:06:51]} {[%emt 00:00:53]} a6 {[%clk
00:09:32]} {[%emt 00:00:18]} 35. a3 {[%clk 00:04:51]} {[%emt 00:02:39]} g5
{[%clk 00:09:29]} {[%emt 00:00:13]} 36. a4 {[%clk 00:01:56]} {[%emt 00:03:29]}
g4 {[%clk 00:07:03]} {[%emt 00:03:05]} 37. Ne1 {[%clk 00:02:21]} Qh4 {[%clk
00:04:45]} {[%emt 00:02:39]} 38. Nd3 {[%clk 00:01:24]} {[%emt 00:01:44]} Qg5
{[%clk 00:03:00]} {[%emt 00:01:57]} 39. Nf2 {[%clk 00:00:35]} {[%emt 00:01:23]}
Kh7 {[%clk 00:01:02]} {[%emt 00:02:24]} 40. Nxg4 {[%clk 00:00:41]} {[%emt
00:00:32]} Kg7 {[%clk 00:00:36]} {[%emt 00:00:53]} 41. b5 {[%clk 00:16:05]}
{[%emt 00:15:16]} axb5 {[%clk 00:28:04]} {[%emt 00:02:49]} 42. axb5 {[%clk
00:16:27]} {[%emt 00:00:28]} Bxb5 {[%clk 00:23:38]} {[%emt 00:05:02]} 43. Nxh6
{[%clk 00:16:28]} Bc6 {[%clk 00:21:33]} {[%emt 00:02:59]} 44. Rg3 {[%clk
00:16:19]} {[%emt 00:00:40]} 1-0

[Event "DVM U20 2021"]
[Site "Kiel GER"]
[Date "2022.07.24"]
[Round "3"]
[White "Kürschner, Liam"]
[Black "Kartsev, Nikolay"]
[Result "0-1"]
[Termination "normal"]
[Board "2.4"]
[WhiteElo "1891"]
[BlackElo "2046"]
[WhiteClock "00:00:32"]
[BlackClock "00:01:32"]
[WhiteTeam "SK Langen"]
[BlackTeam "Schachfreunde Brackel 1930 e. V."]
[PlyCount "78"]
[WhiteFideId "34609962"]
[BlackFideId "12939536"]
[EventCountry "GER"]
[EventRounds "7"]
[EventType "team-swiss"]
[EventDate "2022.07.22"]

1. c4 {[%clk 01:30:56]} {[%emt 00:00:02]} f5 {[%clk 01:30:50]} {[%emt
00:00:11]} 2. g3 {[%clk 01:31:20]} {[%emt 00:00:06]} Nf6 {[%clk 01:31:07]}
{[%emt 00:00:12]} 3. Bg2 {[%clk 01:31:45]} {[%emt 00:00:05]} d6 {[%clk
01:31:07]} {[%emt 00:00:30]} 4. Nc3 {[%clk 01:31:43]} {[%emt 00:00:32]} e5
{[%clk 01:30:45]} {[%emt 00:00:53]} 5. e3 {[%clk 01:28:26]} {[%emt 00:03:47]}
c6 {[%clk 01:30:37]} {[%emt 00:00:38]} 6. d4 {[%clk 01:26:47]} {[%emt
00:02:09]} e4 {[%clk 01:30:33]} {[%emt 00:00:33]} 7. Nge2 {[%clk 01:26:31]}
{[%emt 00:00:46]} Be7 {[%clk 01:26:24]} {[%emt 00:04:38]} 8. Bd2 {[%clk
01:25:27]} {[%emt 00:01:34]} O-O {[%clk 01:17:00]} {[%emt 00:09:55]} 9. O-O
{[%clk 01:25:40]} {[%emt 00:00:17]} Qe8 {[%clk 01:14:24]} {[%emt 00:03:05]} 10.
Qc2 {[%clk 01:21:57]} {[%emt 00:04:13]} g5 {[%clk 01:09:19]} {[%emt 00:05:36]}
11. a3 {[%clk 01:20:53]} {[%emt 00:01:34]} d5 {[%clk 01:07:18]} {[%emt
00:02:30]} 12. c5 {[%clk 01:19:38]} {[%emt 00:01:45]} Qh5 {[%clk 01:01:46]}
{[%emt 00:06:01]} 13. f4 {[%clk 01:12:24]} {[%emt 00:07:51]} exf3 {[%clk
00:57:46]} {[%emt 00:04:29]} 14. Bxf3 {[%clk 01:12:36]} {[%emt 00:00:22]} Ng4
{[%clk 00:55:56]} {[%emt 00:02:21]} 15. Bxg4 {[%clk 01:12:20]} {[%emt
00:00:46]} Qxg4 {[%clk 00:56:03]} {[%emt 00:00:31]} 16. Nc1 {[%clk 01:09:05]}
{[%emt 00:03:33]} Nd7 {[%clk 00:50:42]} {[%emt 00:05:44]} 17. b4 {[%clk
01:07:02]} {[%emt 00:02:34]} a6 {[%clk 00:46:24]} {[%emt 00:04:49]} 18. a4
{[%clk 01:06:45]} {[%emt 00:00:46]} Nf6 {[%clk 00:45:45]} {[%emt 00:01:16]} 19.
Nd3 {[%clk 01:03:49]} {[%emt 00:03:24]} Be6 {[%clk 00:40:01]} {[%emt 00:06:27]}
20. Ne5 {[%clk 01:00:52]} {[%emt 00:03:20]} Qh3 {[%clk 00:39:41]} {[%emt
00:00:51]} 21. Qb2 {[%clk 01:00:49]} {[%emt 00:00:24]} Bd8 {[%clk 00:35:33]}
{[%emt 00:04:51]} 22. Nd1 {[%clk 00:57:25]} {[%emt 00:03:51]} Bc7 {[%clk
00:33:22]} {[%emt 00:02:31]} 23. Nf2 {[%clk 00:56:16]} {[%emt 00:01:54]} Qh5
{[%clk 00:33:44]} 24. Nfd3 {[%clk 00:49:56]} {[%emt 00:06:42]} Ne4 {[%clk
00:32:55]} {[%emt 00:01:43]} 25. Bc1 {[%clk 00:45:10]} {[%emt 00:04:58]} Rf6
{[%clk 00:28:16]} {[%emt 00:05:09]} 26. Bd2 {[%emt 00:21:34]} Raf8 {[%clk
00:21:09]} 27. Bc1 {[%clk 00:26:27]} {[%emt 00:06:08]} Rh6 {[%clk 00:17:09]}
{[%emt 00:04:01]} 28. Qg2 {[%clk 00:18:15]} {[%emt 00:08:48]} Nc3 {[%clk
00:09:29]} {[%emt 00:08:09]} 29. Ba3 {[%clk 00:15:47]} {[%emt 00:03:10]} Kh8
{[%clk 00:00:54]} {[%emt 00:08:53]} 30. Kh1 {[%clk 00:13:45]} {[%emt 00:02:28]}
Ne4 {[%clk 00:00:55]} {[%emt 00:00:37]} 31. Rf3 {[%clk 00:13:03]} {[%emt
00:01:10]} Bxe5 {[%clk 00:00:46]} {[%emt 00:00:51]} 32. dxe5 {[%clk 00:12:27]}
{[%emt 00:00:49]} d4 {[%clk 00:00:54]} {[%emt 00:00:20]} 33. g4 {[%clk
00:04:29]} {[%emt 00:08:32]} Qh4 {[%clk 00:01:05]} {[%emt 00:00:29]} 34. Kg1
{[%clk 00:03:49]} {[%emt 00:01:05]} f4 {[%clk 00:00:36]} {[%emt 00:00:58]} 35.
h3 {[%clk 00:02:37]} {[%emt 00:01:43]} dxe3 {[%clk 00:00:49]} {[%emt 00:00:08]}
36. Re1 {[%clk 00:02:26]} {[%emt 00:01:41]} Rd8 {[%clk 00:00:57]} 37. Rfxe3
{[%clk 00:00:37]} {[%emt 00:02:07]} fxe3 {[%clk 00:01:07]} 38. Qxe4 {[%clk
00:01:05]} Rxd3 {[%clk 00:01:16]} {[%emt 00:00:19]} 39. Qxd3 {[%clk 00:00:32]}
{[%emt 00:01:16]} Qg3+ {[%clk 00:01:32]} 0-1